LEADER 02244nam 2200397z- 450 001 9910404214103321 005 20210212 010 $a989-26-1897-1 035 $a(CKB)4100000011302790 035 $a(oapen)https://directory.doabooks.org/handle/20.500.12854/61749 035 $a(oapen)doab61749 035 $a(EXLCZ)994100000011302790 100 $a20202102d2020 |y 0 101 0 $aeng 135 $aurmn|---annan 181 $ctxt$2rdacontent 182 $cc$2rdamedia 183 $acr$2rdacarrier 200 00$aUrban Transformations in the Late Antique West: Materials, Agents, and Models 210 $cCoimbra University Press$d2020 215 $a1 online resource (380 p.) 225 1 $aClassica Digitalia: Humanitas Supplementum - Estudos Monográficos 311 08$a989-26-1898-X 330 $aThis volume is the fruit of a highly productive international research gathering academic and professional (field- and museum) colleagues to discuss new results and approaches, recent finds and alternative theoretical assessments of the period of transition and transformation of classical towns in Late Antiquity. Experts from an array of modern countries attended and presented to help compare and contrast critically archaeologies of diverse regions and to debate the qualities of the archaeology and the current modes of study. While a number of papers inevitably focused on evidence available for both Spain and Portugal, we were delighted to have a spread of contributions that extended the picture to other territories in the Late Roman West and Mediterranean. The emphasis was very much on the images presented by archaeology (rescue and research works, recent and past), but textual data were also brought into play by various contributors. 517 $aUrban Transformations in the Late Antique West 610 $aAgents 610 $aLate antiquity 610 $aUrban archaeology 610 $aUrban transformations 700 $aNeil Christie$4auth$0778234 702 $aPilar Diarte-Blasco$4auth 702 $aAndré Carneiro$4auth 906 $aBOOK 912 $a9910404214103321 996 $aUrban Transformations in the Late Antique West: Materials, Agents, and Models$93027838 997 $aUNINA